000
00251 a2200109 4500
001
75156
082
_a
629.1323 CAE
090
_c
39098
_d
39098
100
_a
CAE
245
_a
CAE Subsonic wind tunnel
_c
English
260
_a
CAE Risalpur
_b
CAE
_c
1977
942
_a
CAE NUST
_k
629.1323 CAE
999
_c
310229
_d
310229